Normal view
MARC view
- معارك حربية اسلامية- تنظيم وادارة غزوات اسلامية
Entry Topical Term
001 - CONTROL NUMBER
- control field: 38981
003 - CONTROL NUMBER IDENTIFIER
- control field: JO-AjAnu
005 - DATE AND TIME OF LATEST TRANSACTION
- control field: 20230606080504.0
008 - FIXED-LENGTH DATA ELEMENTS
- fixed length control field: 230606|| aca||aabn | a|a d
040 ## - CATALOGING SOURCE
- Original cataloging agency: JO-AjAnu
- Transcribing agency: JO-AjAnu
150 ## - HEADING--TOPICAL TERM
- Topical term or geographic name entry element: معارك حربية اسلامية- تنظيم وادارة غزوات اسلامية
670 ## - SOURCE DATA FOUND
- Source citation: Work cat.: (JO-AjAnu)19992: الجبوري، نهاد عباس شهاب, author 38980, العمليات التعرضية والدفاعية عند المسلمين